Tiếng Anh nâng cao 10

محفوظ في:
التفاصيل البيبلوغرافية
المؤلف الرئيسي: Từ, Anh
مؤلفون آخرون: Mai, Vi Phương
التنسيق: كتاب
اللغة:Undetermined
منشور في: H. Giáo dục 2007
الموضوعات:
الوصول للمادة أونلاين:http://lrc.tdmu.edu.vn/opac/search/detail.asp?aID=2&ID=5237
الوسوم: إضافة وسم
لا توجد وسوم, كن أول من يضع وسما على هذه التسجيلة!
Thư viện lưu trữ: Trung tâm Học liệu Trường Đại học Thủ Dầu Một
LEADER 00617nam a2200205Ia 4500
001 TDMU_5237
008 210410s9999 xx 000 0 und d
082 |a 420.71 
090 |b T550 
100 |a Từ, Anh 
245 0 |a Tiếng Anh nâng cao 10 
245 0 |c Từ Anh 
260 |a H. 
260 |b Giáo dục 
260 |c 2007 
300 |a 256tr 
650 |a Sách lớp 10  |v Giáo khoa; Tiếng Anh  |x Dạy và học 
700 |a Mai, Vi Phương 
856 |u http://lrc.tdmu.edu.vn/opac/search/detail.asp?aID=2&ID=5237 
980 |a Trung tâm Học liệu Trường Đại học Thủ Dầu Một